00703nam a2200241 a 4500001001300000003000900013005001700022008004100039020001000080082001600090100002800106245003600134260003400170300000900204500003500213505002400248650001900272700002800291902000800319942000700327952011200334999001500446nice12345678IN_TiNIC20260116012210.0050524s1953 luca grp 000 0 urd  ac1.500a492.75bNAD aNadvi, Mohammad Mustafa aTamrin-Un-Nahub Arabic Grammar aLucknowbNadwatul Ulemac1953 a136p aincludes index and biblioraphy2 a3 Part Bound in One aArabic-Grammar1 aNadvi, Mohammad Mustafa bSRS cBK 001040708StackRoom-aHMIbHMId2007-06-07g1.50l0o492.75 NADp07725r2007-06-07v1.50w2005-05-24yBK c6039d6039